01096nam a22002297a 450000500170000000800390001702000180005604000250007404100080009904400070010708200180011424501640013226000980029630000440039450400410043850502260047965000410070565000250074670000350077170000320080670000280083820150710143803.0120423s2008 ck ab b 000 0 spa a9789710186105 aCo-BoIAvHcCo-BoIAvH aspa ack04a305.488bM95m00aMujeres indígenas y cambio climático :bperspectivas latinoamericanas / ceditado por Astrid Ulloa, Elsa Matilde Escobar, Luz Marina Donato y Pía Escobar aBogotá :bUniversidad Nacional de Colombia,bFundación Natura de Colombia,bUNODC,c2008. a231 p. :bilustraciones, tablasc22 cm. aIncluye referencias bibliográficas0 aConocimientos tradicionales sobre el clima y sus transformaciones -- Movilidades y conflicto relacionado con el cambio climático -- Implicaciones del cambio climático sobre la soberanía y seguridad alimentaria --  0aMujeres indígenas.zAmerica Latina 0aCambios climáticos1 aEscobar, Elsa Matildeeeditora1 aDonato, Luz Marinaeeditora1 aEscobar, Píaeeditora